000 02187cam a22002294a 4500
001 13290439
005 20210414114125.0
008 030725s2005 mauab 001 0 eng
010 _a 2003016998
020 _a9780071327640
050 0 0 _aQH308.2.R38
245 0 0 _aBiology. /
_cPeter H. Raven ... [et al.] ; illustration authors, William C. Ober and Claire W. Garrison.
250 _a7th ed.
260 _aBoston :
_bMcGraw-Hill, Higher Education,
_cc2005.
300 _axxiii, 1250 + various pagings :
_bcol. ill. col. maps ;
_c29 cm.
500 _aIncludes index
505 _aContents: The Science of biology -- The Nature of molecules -- The Chemical building of blocks of life -- Cell-cell interactions -- Energy and metabolism -- How cells harvest energy -- Photosynthesis -- How cells divide -- Sexual reproduction and meiosis -- Patterns of inheritance -- DNA: the genetic material -- Genes and how they work -- Gene technology -- Genomes -- Control of gene expression -- Cellular mechanisms of development -- Cancer biology and cell technology -- Genes within populations -- The Evidence for evolution -- The Origin of species - Evolution of genomes and developmental mechanisms -- Systematics and the phylogenetic revolution -- Viruses -- Prokaryotes -- Protists -- Overview of plant diversity -- Fungi -- Overview of animal diversity -- Noncoelomatic invertebrates -- Coelomate invertebrates -- Vertebrates -- Plant form -- Vegetative plant development -- Transport in plants -- Plant nutrition -- Plant defence responses -- Sensory systems in plants -- Plant reproduction -- The Animal body aand how it moves -- Fueling body activities: digestion -- Circulation and respiration -- The Nervous system -- Sensory systems -- The Endocrine system -- The Immune system -- Maintaining the internal environment -- Sex and reproduction -- Vertebrate development -- Behavioural biology -- Population ecology -- Community ecology -- Dynamics of ecosystems -- The Bioshpere -- Conservation biology.
700 1 _aRaven, Peter H.
700 1 _aRaven, Peter H.
_tBiology.
856 4 1 _3Table of contents
_uhttp://www.loc.gov/catdir/toc/ecip047/2003016998.html
942 _2lcc
_cBK
999 _c2114
_d9614